[Event "Southend IM"]
[Site "Southend"]
[Date "2025.04.21"]
[Round "9"]
[White "Hobson, Kenneth"]
[Black "Zwardon, Vojtech"]
[Result "1/2-1/2"]
[WhiteElo "2331"]
[BlackElo "2444"]
[PlyCount "21"]
[EventDate "2025.04.17"]
[EventType "tourn"]
[EventRounds "9"]
[EventCountry "ENG"]
[SourceTitle "CB17_2025"]
[SourceDate "2025.04.23"]
[SourceVersion "1"]
[SourceVersionDate "2025.04.23"]
[SourceQuality "1"]

1. e4 c5 2. Nf3 Nc6 3. Bb5 g6 4. Bxc6 dxc6 5. d3 Bg7 6. h3 Nf6 7. Nc3 0-0 8. Be3 b6 9. Qd2 e5 10. Bh6 Qd6 11. Bxg7 1/2-1/2

[Event "Southend IM"]
[Site "Southend"]
[Date "2025.04.17"]
[Round "1"]
[White "Zwardon, Vojtech"]
[Black "Ruzhansky, Elias"]
[Result "1/2-1/2"]
[WhiteElo "2444"]
[BlackElo "2332"]
[PlyCount "24"]
[EventDate "2025.04.17"]
[EventType "tourn"]
[EventRounds "9"]
[EventCountry "ENG"]
[SourceTitle "CB17_2025"]
[SourceDate "2025.04.23"]
[SourceVersion "1"]
[SourceVersionDate "2025.04.23"]
[SourceQuality "1"]

1. c4 e6 2. Nf3 d5 3. e3 Nf6 4. b3 Be7 5. Bb2 0-0 6. Nc3 c5 7. cxd5 exd5 8. d4 Nc6 9. Be2 Ne4 10. 0-0 Bf6 11. Na4 Bg4 12. Rc1 cxd4 1/2-1/2

[Event "CZE-chT1E 2425"]
[Site "Czech Republic"]
[Date "2025.03.02"]
[Round "9.1"]
[White "Zwardon, Vojtech"]
[Black "Babula, Vlastimil1"]
[Result "1-0"]
[WhiteElo "2442"]
[BlackElo "2292"]
[PlyCount "101"]
[EventDate "2024.10.20"]
[EventType "team-tourn"]
[EventRounds "11"]
[EventCountry "CZE"]
[SourceTitle "CB16_2025"]
[SourceDate "2025.04.16"]
[SourceVersion "1"]
[SourceVersionDate "2025.04.16"]
[SourceQuality "1"]
[WhiteTeam "Jundrov Jezdci"]
[BlackTeam "Stare Mesto"]
[WhiteTeamCountry "CZE"]
[BlackTeamCountry "CZE"]

1. c4 e5 2. g3 Nf6 3. Bg2 Nc6 4. Nf3 d5 5. cxd5 Nxd5 6. 0-0 Be7 7. d4 e4 8. Ne5 f5 9. Nxc6 bxc6 10. Nc3 0-0 11. f3 exf3 12. Bxf3 Rb8 13. Qa4 Rb6 14. Nxd5 cxd5 15. Qxa7 Ba6 16. Bf4 Bd6 17. Bxd6 Qxd6 18. Rac1 Rc8 19. b3 Kh8 20. Rc2 h5 21. Bxh5 Bb7 22. Qa5 Qh6 23. Bf3 Qe3+ 24. Kg2 Qxd4 25. Rfc1 Qe5 26. Rc5 Ra8 27. Qd2 c6 28. R1c4 Qe7 29. Rh4+ Kg8 30. Rc3 Qf6 31. a4 g5 32. Rd4 g4 33. Bxg4 c5 34. Rxc5 fxg4 35. Rxg4+ Kh8 36. Qd3 Qf7 37. Rf4 Qg7 38. e4 Rf6 39. Rh4+ Kg8 40. e5 Re6 41. h3 Rxe5 42. Rg4 d4+ 43. Kh2 Qxg4 44. Rxe5 Qg7 45. Qc4+ Kh7 46. Qxd4 Ra6 47. Qd3+ Rg6 48. Rh5+ Kg8 49. Qd8+ Kf7 50. Qc7+ Ke6 51. Qb6+ 1-0

[Event "CZE-ch Blitz"]
[Site "Brno"]
[Date "2024.12.21"]
[Round "9"]
[White "Plat, Vojtech"]
[Black "Zwardon, Vojtech"]
[Result "1-0"]
[WhiteElo "2457"]
[BlackElo "2428"]
[PlyCount "108"]
[EventDate "2024.12.21"]
[EventType "swiss (blitz)"]
[EventRounds "15"]
[EventCountry "CZE"]
[SourceTitle "CB52_2024"]
[SourceDate "2024.12.25"]
[SourceVersion "1"]
[SourceVersionDate "2024.12.25"]
[SourceQuality "1"]

1. c4 c5 2. Nf3 g6 3. g3 Bg7 4. Bg2 Nc6 5. 0-0 d6 6. Nc3 Bg4 7. h3 Bd7 8. e3 Qc8 9. Kh2 h5 10. b3 h4 11. g4 Nh6 12. Ng1 f5 13. g5 Nf7 14. f4 a6 15. Bb2 Rb8 16. Qc1 Kf8 17. Nd5 b5 18. cxb5 axb5 19. Bxg7+ Kxg7 20. Qb2+ e5 21. Nf3 Be6 22. fxe5 Bxd5 23. e6+ Kg8 24. exf7+ Bxf7 25. Rae1 Qc7 26. Kg1 d5 27. d3 Re8 28. e4 dxe4 29. dxe4 fxe4 30. Nh2 Qe5 31. Qf2 Qd4 32. Re3 Re7 33. Ng4 Kf8 34. Rxe4 Qxf2+ 35. Rxf2 Kg7 36. Ref4 Nd4 37. Kh2 Be6 38. b4 Bxg4 39. Rxg4 Ne6 40. Re2 Rd8 41. Rge4 Kf7 42. bxc5 Ree8 43. Re5 Nxg5 44. Rf2+ Kg7 45. Rxg5 Rd4 46. c6 Rc4 47. Rxb5 Re3 48. Rb7+ Kh6 49. Rbf7 Rec3 50. R7f4 g5 51. Rxc4 Rxc4 52. a4 Rxa4 53. Rc2 Ra8 54. c7 Rc8 1-0

[Event "SVK-chT 2425"]
[Site "Slovakia"]
[Date "2024.11.24"]
[Round "2.3"]
[White "Zwardon, Vojtech"]
[Black "Babula, Vlastimil1"]
[Result "1/2-1/2"]
[WhiteElo "2446"]
[BlackElo "2301"]
[PlyCount "128"]
[EventDate "2024.11.23"]
[EventType "team-tourn"]
[EventRounds "11"]
[EventCountry "SVK"]
[SourceTitle "CB48_2024"]
[SourceDate "2024.11.28"]
[SourceVersion "1"]
[SourceVersionDate "2024.11.28"]
[SourceQuality "1"]
[WhiteTeam "Cadca Caissa"]
[BlackTeam "Osuske"]
[WhiteTeamCountry "SVK"]
[BlackTeamCountry "SVK"]

1. c4 Nf6 2. Nc3 e5 3. Nf3 Nc6 4. Qc2 Bc5 5. e3 d6 6. Na4 0-0 7. a3 a5 8. Nxc5 dxc5 9. b3 Re8 10. d3 Nd7 11. Bb2 Nf8 12. Be2 Ra6 13. Nd2 Bf5 14. Ne4 Bxe4 15. dxe4 Nb8 16. Rd1 Rd6 17. Rd5 f6 18. Qd2 Nc6 19. 0-0 Qe7 20. Bg4 Red8 21. Rd1 b6 22. Qe2 Nb8 23. h4 c6 24. R5d3 Qc7 25. h5 Kf7 26. g3 Rxd3 27. Rxd3 Rxd3 28. Qxd3 Ke7 29. f4 Qd6 30. Qc3 Nbd7 31. Kf2 Kd8 32. Ke2 Kc7 33. Qe1 Qe7 34. Kd3 Qd6+ 35. Kc2 Qe7 36. Bc3 Qd6 37. Qh1 Qe7 38. Bf5 Qf7 39. Kd3 Qe7 40. Qf3 Qf7 41. Bh3 Qe7 42. Kc2 Kd8 43. Bf5 Qf7 44. Bxd7 Nxd7 45. fxe5 a4 46. exf6 axb3+ 47. Kxb3 gxf6 48. e5 b5 49. Qf4 Qxh5 50. e6 bxc4+ 51. Qxc4 Ne5 52. Bxe5 Qxe5 53. Qd3+ Kc7 54. Qxh7+ Kb6 55. Qd3 Qxe6+ 56. Ka4 Qg4+ 57. e4 f5 58. Qd8+ Ka6 59. Qa5+ Kb7 60. Qxc5 fxe4 61. Ka5 Qxg3 62. Qb6+ Ka8 63. Qxc6+ Kb8 64. Qe8+ Ka7 1/2-1/2

[Event "CZE-chT 2425"]
[Site "Czech Republic"]
[Date "2024.11.03"]
[Round "2.5"]
[White "Zwardon, Vojtech"]
[Black "Zilka, Stepan"]
[Result "0-1"]
[WhiteElo "2446"]
[BlackElo "2539"]
[PlyCount "110"]
[EventDate "2024.11.01"]
[EventType "team-tourn"]
[EventRounds "11"]
[EventCountry "CZE"]
[SourceTitle "CB45_2024"]
[Source "ChessBase"]
[SourceDate "2024.11.06"]
[SourceVersion "1"]
[SourceVersionDate "2024.11.06"]
[SourceQuality "1"]
[WhiteTeam "Frydek Mistek"]
[BlackTeam "Novoborsky"]
[WhiteTeamCountry "CZE"]
[BlackTeamCountry "CZE"]

1. c4 e6 2. Nf3 d5 3. e3 Nf6 4. b3 c5 5. Bb2 Nc6 6. cxd5 exd5 7. Bb5 Bd6 8. d4 cxd4 9. Nxd4 Bd7 10. Nc3 0-0 11. 0-0 Re8 12. Nf3 a6 13. Be2 Bf5 14. Rc1 Rc8 15. g3 Bb8 16. Na4 Bh3 17. Re1 Ne4 18. Nc5 Ba7 19. Nxe4 dxe4 20. Qxd8 Rcxd8 21. Ng5 Bf5 22. g4 Bc8 23. Bc4 Rd7 24. Red1 Rc7 25. Be2 h6 26. Nh3 h5 27. Nf4 Bxg4 28. Bxg4 hxg4 29. Rd5 f6 30. Kg2 Bb8 31. Kg3 g5 32. Nh5 Ne7 33. Nxf6+ Kf7 34. Rxc7 Bxc7+ 35. Kxg4 Nxd5 36. Nxe8 Kxe8 37. Kxg5 Nb4 38. h4 Bd8+ 39. Kg4 Nd3 40. Bd4 Nxf2+ 41. Kg3 Nd3 42. h5 Kf7 43. Kg4 Bf6 44. Bb6 Nc1 45. Kf5 Nxa2 46. Kxe4 Nc1 47. Kd5 Nxb3 48. e4 Nd2 49. Ba5 Nf3 50. Kd6 Ne5 51. Kd5 Nc6 52. Bd2 a5 53. Kc4 a4 54. Bc1 Nd4 55. Kd5 Ne2 0-1

[Event "HUN-ch Rapid"]
[Site "Ajka"]
[Date "2024.07.21"]
[Round "9"]
[White "Eljanov, Pavel"]
[Black "Zwardon, Vojtech"]
[Result "1/2-1/2"]
[WhiteElo "2672"]
[BlackElo "2458"]
[PlyCount "89"]
[EventDate "2024.07.20"]
[EventType "swiss (rapid)"]
[EventRounds "11"]
[EventCountry "HUN"]
[SourceTitle "CBM 221 Extra"]
[Source "ChessBase"]
[SourceDate "2024.09.30"]
[SourceVersion "1"]
[SourceVersionDate "2024.09.30"]
[SourceQuality "1"]

1. d4 Nf6 2. Nf3 e6 3. Bf4 b6 4. e3 Bb7 5. Bd3 h6 6. h3 g5 7. Bh2 Rg8 8. Qe2 d6 9. Nc3 Nbd7 10. e4 a6 11. 0-0-0 b5 12. e5 b4 13. Nb1 Nd5 14. Nbd2 Nf4 15. Bxf4 gxf4 16. g3 fxg3 17. fxg3 d5 18. g4 c5 19. dxc5 Nxc5 20. Nb3 Qb6 21. Kb1 0-0-0 22. Rhf1 Nxb3 23. axb3 Kb8 24. Nd2 Rd7 25. Rf4 Rg7 26. Rf6 Ka7 27. Rxh6 Rxg4 28. Rxe6 fxe6 29. hxg4 Rg7 30. Rf1 Be7 31. Rf6 Bxf6 32. exf6 Qg1+ 33. Ka2 Rxg4 34. Qxe6 Rf4 35. f7 Qf2 36. Qd6 Rxf7 37. Qxb4 Qb6 38. Qxb6+ Kxb6 39. b4 Rf2 40. Nb3 Bc6 41. Nd4 Bd7 42. c3 Rd2 43. Be2 Bb5 44. Bxb5 axb5 45. Kb1 1/2-1/2

[Event "HUN-ch Rapid"]
[Site "Ajka"]
[Date "2024.07.20"]
[Round "3"]
[White "Gelle, Istvan"]
[Black "Zwardon, Vojtech"]
[Result "0-1"]
[WhiteElo "2163"]
[BlackElo "2458"]
[PlyCount "88"]
[EventDate "2024.07.20"]
[EventType "swiss (rapid)"]
[EventRounds "11"]
[EventCountry "HUN"]
[SourceTitle "CBM 221 Extra"]
[Source "ChessBase"]
[SourceDate "2024.09.30"]
[SourceVersion "1"]
[SourceVersionDate "2024.09.30"]
[SourceQuality "1"]

1. d4 Nf6 2. Nf3 e6 3. Bf4 b6 4. e3 Bb7 5. Be2 h6 6. h3 g5 7. Bh2 Rg8 8. Nc3 d6 9. Qd2 Nbd7 10. 0-0-0 a6 11. Bd3 b5 12. Rhe1 Nb6 13. e4 b4 14. Nb1 d5 15. e5 Ne4 16. Qe2 Be7 17. Nbd2 Nxd2 18. Nxd2 Nd7 19. Qh5 c5 20. Qxh6 Qa5 21. Bh7 Bf8 22. Qh5 Rh8 23. Kb1 c4 24. f4 gxf4 25. Rf1 b3 26. cxb3 c3 27. bxc3 Qxc3 28. Rf3 Qxd4 29. Rxf4 Qd3+ 30. Bxd3 Rxh5 31. Nf3 Rc8 32. Rg4 Rh8 33. Kb2 a5 34. Bb5 Rc5 35. a4 Rc7 36. Bg1 Bb4 37. Bb6 Rc3 38. Rf4 Rf8 39. Ng5 Rg3 40. Nxe6 Rxg2+ 41. Kb1 fxe6 42. Rdf1 Rxf4 43. Rxf4 Ba6 44. Bc6 Bd3+ 0-1

[Event "HUN-ch Blitz"]
[Site "Ajka"]
[Date "2024.07.19"]
[Round "13"]
[White "Bodi, Tibor"]
[Black "Zwardon, Vojtech"]
[Result "0-1"]
[WhiteElo "2305"]
[BlackElo "2458"]
[PlyCount "66"]
[EventDate "2024.07.19"]
[EventType "swiss (blitz)"]
[EventRounds "13"]
[EventCountry "HUN"]
[SourceTitle "CBM 221 Extra"]
[Source "ChessBase"]
[SourceDate "2024.09.30"]
[SourceVersion "1"]
[SourceVersionDate "2024.09.30"]
[SourceQuality "1"]

1. Nc3 c5 2. e4 Nc6 3. g3 g6 4. Bg2 Bg7 5. Nge2 Rb8 6. 0-0 b5 7. d3 b4 8. Nd5 e6 9. Ne3 Nge7 10. f4 Nd4 11. a3 b3 12. c3 Nxe2+ 13. Qxe2 f5 14. g4 0-0 15. gxf5 gxf5 16. Kh1 Kh8 17. Bd2 Bb7 18. Nc4 d5 19. exd5 Bxd5 20. Rg1 Ng6 21. Rae1 Nh4 22. Ne3 Nxg2 23. Nxg2 Rg8 24. h3 Rb6 25. Kh2 Bb7 26. Ne3 Rd6 27. d4 cxd4 28. cxd4 Bxd4 29. Nc4 Bxg1+ 30. Rxg1 Rxd2 31. Qxd2 Qxd2+ 32. Nxd2 Rc8 33. Nxb3 Rc2+ 0-1

[Event "HUN-ch Blitz"]
[Site "Ajka"]
[Date "2024.07.19"]
[Round "4"]
[White "Zwardon, Vojtech"]
[Black "Onodi, Tamas"]
[Result "0-1"]
[WhiteElo "2458"]
[BlackElo "2003"]
[PlyCount "100"]
[EventDate "2024.07.19"]
[EventType "swiss (blitz)"]
[EventRounds "13"]
[EventCountry "HUN"]
[SourceTitle "CBM 221 Extra"]
[Source "ChessBase"]
[SourceDate "2024.09.30"]
[SourceVersion "1"]
[SourceVersionDate "2024.09.30"]
[SourceQuality "1"]

1. c4 c6 2. Nc3 Nf6 3. d4 d5 4. cxd5 cxd5 5. Bf4 Nh5 6. Be5 Nc6 7. e3 Nf6 8. Bb5 a6 9. Bxc6+ bxc6 10. Nf3 Qb6 11. 0-0 Bf5 12. Na4 Qa5 13. Rc1 Rc8 14. Rc5 Qb4 15. a3 Qb7 16. Rc3 e6 17. Rb3 Qa7 18. Nh4 Bg4 19. Qc2 Be7 20. Rc1 Ne4 21. Nb6 Rd8 22. Qxc6+ Kf8 23. Nc8 Qd7 24. Nxe7 Qxe7 25. Bg3 g5 26. Rb7 Qf6 27. Nf3 Bxf3 28. gxf3 Qxf3 29. Qc7 Kg7 30. Qe5+ Kg6 31. Rcc7 Rc8 32. h4 gxh4 33. Bxh4 Qg4+ 34. Bg3 Nd2 35. Qf4 Qxf4 36. Bxf4 Rxc7 37. Rxc7 Nc4 38. Rb7 Rc8 39. a4 a5 40. b3 Nd2 41. Kg2 Rc3 42. Rb5 Nxb3 43. Bd6 Kf5 44. Rb7 Kg6 45. Rb8 Nd2 46. Rb5 Nb3 47. Rb8 Nd2 48. Ra8 Nc4 49. Bc7 Rc2 50. Kf3 Ra2 0-1

[Event "Krakow op"]
[Site "Krakow"]
[Date "2024.06.24"]
[Round "4"]
[White "Zwardon, Vojtech"]
[Black "Nurgaliyev, Sauat"]
[Result "0-1"]
[WhiteElo "2458"]
[BlackElo "2321"]
[PlyCount "76"]
[EventDate "2024.06.22"]
[EventType "swiss"]
[EventRounds "9"]
[EventCountry "POL"]
[SourceTitle "CBM 220 Extra"]
[Source "ChessBase"]
[SourceDate "2024.07.31"]
[SourceVersion "1"]
[SourceVersionDate "2024.07.31"]
[SourceQuality "1"]

1. c4 c5 2. g3 g6 3. Bg2 Bg7 4. Nc3 Nc6 5. a3 b6 6. Nf3 Bb7 7. 0-0 d6 8. e3 Nf6 9. d4 cxd4 10. exd4 Rc8 11. b4 0-0 12. Bb2 e6 13. Rc1 Ne7 14. Qb3 Nf5 15. Rfd1 Qc7 16. Nb5 Qb8 17. a4 Qa8 18. h3 h5 19. c5 Bd5 20. Qa3 Bh6 21. cxd6 Bxc1 22. Bxc1 Rc2 23. Nc7 Qc6 24. Nxd5 Nxd5 25. g4 hxg4 26. hxg4 Nxd6 27. b5 Qc3 28. Ne5 Nc4 29. Nxc4 Qxc4 30. Bh6 Rc8 31. Qg3 Qc7 32. Qh4 Qe7 33. Bg5 f6 34. Bh6 g5 35. Qh1 Rc1 36. Rxc1 Rxc1+ 37. Bf1 Qh7 38. Qh5 Rxf1+ 0-1

[Event "Krakow op"]
[Site "Krakow"]
[Date "2024.06.23"]
[Round "3"]
[White "Szczurek, Krzysztof"]
[Black "Zwardon, Vojtech"]
[Result "0-1"]
[WhiteElo "2245"]
[BlackElo "2458"]
[PlyCount "54"]
[EventDate "2024.06.22"]
[EventType "swiss"]
[EventRounds "9"]
[EventCountry "POL"]
[SourceTitle "CBM 220 Extra"]
[Source "ChessBase"]
[SourceDate "2024.07.31"]
[SourceVersion "1"]
[SourceVersionDate "2024.07.31"]
[SourceQuality "1"]

1. e4 c5 2. Nf3 Nc6 3. d4 cxd4 4. Nxd4 g6 5. c4 Nf6 6. Nc3 Nxd4 7. Qxd4 d6 8. Be2 Bg7 9. 0-0 0-0 10. Qd3 Nd7 11. Qc2 Nc5 12. Nd5 e6 13. Nc3 Bd7 14. Be3 Bc6 15. f3 a5 16. Rfd1 Qe7 17. Rd2 Be5 18. Bf1 a4 19. Rc1 f5 20. exf5 Rxf5 21. Re2 Raf8 22. Rce1 Bxh2+ 23. Kxh2 Qh4+ 24. Kg1 Rh5 25. Nd5 exd5 26. Bxc5 d4 27. Qd3 dxc5 0-1

[Event "Katowice Silesia 100th Ann op"]
[Site "Katowice"]
[Date "2024.04.28"]
[Round "7"]
[White "Zwardon, Vojtech"]
[Black "Gierulski, Kamil"]
[Result "0-1"]
[WhiteElo "2447"]
[BlackElo "2243"]
[PlyCount "140"]
[EventDate "2024.04.27"]
[EventType "swiss (rapid)"]
[EventRounds "11"]
[EventCountry "POL"]
[SourceTitle "CBM 220 Extra"]
[Source "ChessBase"]
[SourceDate "2024.07.31"]
[SourceVersion "1"]
[SourceVersionDate "2024.07.31"]
[SourceQuality "1"]

1. c4 c5 2. g3 Nf6 3. Bg2 d5 4. cxd5 Nxd5 5. Nc3 Nc7 6. a3 g6 7. b4 cxb4 8. axb4 Bg7 9. Bb2 Nc6 10. Qa4 0-0 11. Nf3 a6 12. 0-0 Bg4 13. Rfd1 Qd6 14. Ba3 b5 15. Qb3 Bxf3 16. exf3 Nd4 17. Qa2 e5 18. Rac1 Rad8 19. Re1 Nce6 20. Ne4 Qe7 21. Nc5 Ng5 22. Re3 Nf5 23. Ree1 Nd4 24. Re3 Qf6 25. Rcc3 Bh6 26. Bc1 Nge6 27. Ne4 Qe7 28. Re1 Qb7 29. f4 Qb8 30. Nf6+ Kh8 31. fxe5 Qb6 32. Nd5 Qa7 33. Ra3 Nc7 34. Nxc7 Qxc7 35. Rxa6 Ne2+ 36. Rxe2 Qxc1+ 37. Bf1 Bxd2 38. Ra7 Bxb4 39. Qb2 Qc5 40. Rb7 Qc6 41. e6+ Bc3 42. Qxb5 Qxb5 43. Rxb5 fxe6 44. Rxe6 Rd2 45. f3 Rxf3 46. Rb8+ Kg7 47. Rb7+ Kh6 48. Be2 Bd4+ 49. Kh1 Rf2 50. Ree7 Rdxe2 51. Rxh7+ Kg5 52. Rb5+ Rf5 53. Rxf5+ Kxf5 54. Rh4 Be3 55. Rc4 Rd2 56. Ra4 Bd4 57. Ra6 g5 58. h3 Be5 59. Ra3 Ke4 60. Kg1 Bd4+ 61. Kf1 Rh2 62. h4 g4 63. Rb3 Be3 64. Ke1 Kf3 65. Kd1 Rd2+ 66. Ke1 Rg2 67. Kd1 Rxg3 68. h5 Rh3 69. Rb5 g3 70. Rf5+ Bf4 0-1

[Event "Katowice Silesia 100th Ann op"]
[Site "Katowice"]
[Date "2024.04.27"]
[Round "6"]
[White "Kejna, Piotr"]
[Black "Zwardon, Vojtech"]
[Result "0-1"]
[WhiteElo "2205"]
[BlackElo "2447"]
[PlyCount "78"]
[EventDate "2024.04.27"]
[EventType "swiss (rapid)"]
[EventRounds "11"]
[EventCountry "POL"]
[SourceTitle "CBM 220 Extra"]
[Source "ChessBase"]
[SourceDate "2024.07.31"]
[SourceVersion "1"]
[SourceVersionDate "2024.07.31"]
[SourceQuality "1"]

1. e4 c5 2. b3 Nf6 3. Nc3 g6 4. Bb2 Bg7 5. Nd5 e6 6. Nxf6+ Bxf6 7. Bxf6 Qxf6 8. Nf3 Nc6 9. c3 Ne5 10. Be2 0-0 11. d4 Nxf3+ 12. Bxf3 d6 13. 0-0 cxd4 14. cxd4 e5 15. dxe5 dxe5 16. Qd5 Rb8 17. Rac1 Be6 18. Qa5 a6 19. Qb6 Rfd8 20. Rfd1 Kg7 21. Rxd8 Qxd8 22. Qc7 Kf6 23. Rc5 Qd4 24. g4 Rc8 25. g5+ Kxg5 26. Qe7+ Kf4 27. Be2 Qd8 28. Rc7 Qxe7 29. Rxe7 b5 30. Ra7 Rc2 31. Kf1 Rxa2 32. Bxb5 Kf3 33. Ke1 Ra1+ 34. Kd2 Kxf2 35. Bxa6 Bxb3 36. Kc3 Be6 37. h4 h6 38. Kb2 Ra2+ 39. Kb1 Ra5 0-1

[Event "Katowice Silesia 100th Ann op"]
[Site "Katowice"]
[Date "2024.04.27"]
[Round "3"]
[White "Zwardon, Vojtech"]
[Black "Grygierczyk, Wojciech"]
[Result "1-0"]
[WhiteElo "2447"]
[BlackElo "2104"]
[PlyCount "109"]
[EventDate "2024.04.27"]
[EventType "swiss (rapid)"]
[EventRounds "11"]
[EventCountry "POL"]
[SourceTitle "CBM 220 Extra"]
[Source "ChessBase"]
[SourceDate "2024.07.31"]
[SourceVersion "1"]
[SourceVersionDate "2024.07.31"]
[SourceQuality "1"]

1. c4 e6 2. Nf3 d5 3. e3 Nf6 4. b3 Be7 5. Bb2 0-0 6. Nc3 dxc4 7. Bxc4 a6 8. Be2 b5 9. 0-0 Bb7 10. Rc1 Nbd7 11. Qc2 h6 12. a4 b4 13. Nd1 c5 14. Ba1 Rc8 15. Nb2 Qc7 16. h3 Rfd8 17. Rfd1 Ne5 18. Nxe5 Qxe5 19. Nc4 Qg5 20. Bf1 Ba8 21. Nb6 Rb8 22. Nxa8 Rxa8 23. d4 Rdc8 24. Qd2 a5 25. dxc5 Rxc5 26. Rxc5 Qxc5 27. Bd4 Qc7 28. Rc1 Qd8 29. Qb2 Bf8 30. Rc6 Nd5 31. Qc2 Nc3 32. Bxc3 bxc3 33. Rxc3 Bb4 34. Rc7 Qf6 35. Bd3 Rd8 36. g3 g6 37. Kg2 Kg7 38. Rb7 h5 39. h4 Rd5 40. Rb8 Rd8 41. Rb7 Rd5 42. Qc4 Be1 43. f4 Qb2+ 44. Be2 Rd2 45. Kf3 Qf6 46. Qc1 Qf5 47. Qxe1 Qd5+ 48. e4 Qd4 49. Qf2 Qc3+ 50. Qe3 Qc1 51. Kf2 Qc2 52. Rb5 Rd7 53. Rc5 Qb1 54. Rc1 Qb2 55. Qc3+ 1-0

[Event "CZE-chT 2324"]
[Site "Czech Republic"]
[Date "2024.04.06"]
[Round "10.4"]
[White "Zwardon, Vojtech"]
[Black "Bernasek, Jan"]
[Result "1-0"]
[WhiteElo "2447"]
[BlackElo "2505"]
[PlyCount "73"]
[EventDate "2023.10.14"]
[EventType "team-tourn"]
[EventRounds "11"]
[EventCountry "CZE"]
[SourceTitle "EXT 2025"]
[Source "ChessBase"]
[SourceDate "2024.10.14"]
[SourceVersion "1"]
[SourceVersionDate "2024.10.14"]
[SourceQuality "1"]
[WhiteTeam "Frydek Mistek"]
[BlackTeam "Unichess"]
[WhiteTeamCountry "CZE"]
[BlackTeamCountry "CZE"]

1. c4 Nf6 2. Nf3 e6 3. b3 b6 4. Bb2 Bb7 5. e3 c5 6. Be2 Be7 7. 0-0 d6 8. Nc3 0-0 9. Rc1 Nbd7 10. Qc2 a6 11. Rfd1 Qc7 12. d4 Rfe8 13. d5 exd5 14. cxd5 b5 15. e4 Bf8 16. Bd3 Rac8 17. Nb1 g6 18. Nbd2 Bg7 19. a4 Qb6 20. h3 Nh5 21. Bxg7 Nxg7 22. Bf1 Rb8 23. Nb1 Bc8 24. Na3 Qa5 25. Ra1 c4 26. axb5 cxb3 27. Qxb3 Rxe4 28. Qc2 Nc5 29. bxa6 Qa4 30. Qc3 Rb3 31. Qf6 Rxa3 32. Ng5 Re8 33. Qxf7+ Kh8 34. Rxa3 Qxa3 35. Bb5 Rg8 36. Qf6 h6 37. Qxg6 1-0

[Event "CZE-chT 2324"]
[Site "Czech Republic"]
[Date "2024.02.10"]
[Round "7.5"]
[White "Blahynka, Martin"]
[Black "Zwardon, Vojtech"]
[Result "1/2-1/2"]
[WhiteElo "2378"]
[BlackElo "2470"]
[PlyCount "106"]
[EventDate "2023.10.14"]
[EventType "team-tourn"]
[EventRounds "11"]
[EventCountry "CZE"]
[SourceTitle "EXT 2025"]
[Source "ChessBase"]
[SourceDate "2024.10.14"]
[SourceVersion "1"]
[SourceVersionDate "2024.10.14"]
[SourceQuality "1"]
[WhiteTeam "Hostalkova"]
[BlackTeam "Frydek Mistek"]
[WhiteTeamCountry "CZE"]
[BlackTeamCountry "CZE"]

1. d4 Nf6 2. Bf4 d6 3. Nc3 Nbd7 4. Nf3 c6 5. e4 Qa5 6. Bd2 Qc7 7. Bd3 e5 8. 0-0 h6 9. a4 a5 10. Qe2 Be7 11. Nd1 0-0 12. Ne3 Re8 13. dxe5 Nxe5 14. Nxe5 dxe5 15. Bc4 Bc5 16. Qf3 Bxe3 17. Bxe3 Be6 18. Bd3 Nd7 19. Qg3 Kh7 20. f4 f6 21. f5 Bf7 22. Qf2 Reb8 23. g4 b5 24. b3 bxa4 25. Rxa4 Nb6 26. Bxb6 Rxb6 27. Qc5 Rb4 28. Rfa1 Rxa4 29. Rxa4 Qd8 30. Ra3 Rb8 31. Qc3 Qb6+ 32. Kg2 Ra8 33. Be2 Ra7 34. Ra1 c5 35. h4 c4 36. g5 fxg5 37. hxg5 cxb3 38. g6+ Bxg6 39. fxg6+ Qxg6+ 40. Kh3 bxc2 41. Qxc2 Qb6 42. Ra3 a4 43. Bg4 g6 44. Rxa4 Qe3+ 45. Kg2 Rf7 46. Qe2 Qg5 47. Kh3 h5 48. Bf3 Qf4 49. Ra3 Kh6 50. Kg2 Qg5+ 51. Kf2 Qh4+ 52. Kg2 Qg5+ 53. Kf2 Qh4+ 1/2-1/2

[Event "CZE-chT1E 2324"]
[Site "Czech Republic"]
[Date "2024.02.04"]
[Round "7.1"]
[White "Gabriel, Adam"]
[Black "Zwardon, Vojtech"]
[Result "1/2-1/2"]
[WhiteElo "2237"]
[BlackElo "2470"]
[PlyCount "35"]
[EventDate "2023.10.22"]
[EventType "team-tourn"]
[EventRounds "11"]
[EventCountry "CZE"]
[SourceTitle "EXT 2025"]
[Source "ChessBase"]
[SourceDate "2024.10.14"]
[SourceVersion "1"]
[SourceVersionDate "2024.10.14"]
[SourceQuality "1"]
[WhiteTeam "Vlcnov"]
[BlackTeam "Jundrov Jezdci"]
[WhiteTeamCountry "CZE"]
[BlackTeamCountry "CZE"]

1. e4 c5 2. Nf3 Nc6 3. Bb5 g6 4. 0-0 Bg7 5. Re1 e5 6. Bxc6 dxc6 7. d3 b6 8. a4 a5 9. Nbd2 f6 10. Nc4 Nh6 11. c3 Be6 12. b3 0-0 13. d4 b5 14. axb5 cxb5 15. Na3 b4 16. d5 Bd7 17. Nc4 Bb5 18. Be3 1/2-1/2

[Event "CZE-chT 2324"]
[Site "Czech Republic"]
[Date "2023.12.16"]
[Round "3.1"]
[White "Shagbazyan, Taron"]
[Black "Zwardon, Vojtech"]
[Result "1/2-1/2"]
[WhiteElo "2402"]
[BlackElo "2470"]
[PlyCount "56"]
[EventDate "2023.10.14"]
[EventType "team-tourn"]
[EventRounds "11"]
[EventCountry "CZE"]
[SourceTitle "EXT 2025"]
[Source "ChessBase"]
[SourceDate "2024.10.14"]
[SourceVersion "1"]
[SourceVersionDate "2024.10.14"]
[SourceQuality "1"]
[WhiteTeam "Pardubice"]
[BlackTeam "Frydek Mistek"]
[WhiteTeamCountry "CZE"]
[BlackTeamCountry "CZE"]

1. e4 c5 2. Nf3 Nc6 3. Bb5 g6 4. 0-0 Bg7 5. c3 Nf6 6. Re1 0-0 7. d4 d5 8. e5 Ne4 9. Bxc6 bxc6 10. Be3 c4 11. Qc1 f6 12. Nbd2 Nxd2 13. Qxd2 Bg4 14. exf6 exf6 15. Bh6 Bxf3 16. Bxg7 Kxg7 17. gxf3 Qd7 18. b3 Rae8 19. bxc4 dxc4 20. Qf4 g5 21. Qg4 Qxg4+ 22. fxg4 Kf7 23. Rxe8 Rxe8 24. Rb1 Re2 25. Rb4 Rxa2 26. Rxc4 Ra6 27. Kg2 Ke6 28. Rc5 Kd6 1/2-1/2